000 00801cam a2200277 i 4500
001 000008867
003 DO-SdBNP
005 20260601103210.0
007 ta
008 250428s2010 cu 000 f spa d
020 _a9789806476318
040 _aDO-SdBNP
_bspa
_cBNPHU
_erda
041 _hspa
049 _aBNGR
082 _axxx
_bP852r
_222
100 1 _aPortillo, Julio
_eautor
_923419
245 1 0 _aRafael María Baralt :
_bbiografía ilustrada e iconografía 1810-1860 /
_cJulio Portillo
264 _aCaracas, Venezuela :
_bArte.
_c2010
300 _a141 páginas. :
_bilustraciones ;
_c32 cm.
336 _ardacontent
_btexto
_2txt
337 _ardamedia
_bsin mediación
_2n
338 _ardacarrier
_bvolumen
_2nc
590 _aInventariado,2025/DG
910 _aDG
942 _2ddc
_cLBS1
999 _c58823
_d58823